000 00734nam a2200241 i 4500
001 74224
003 ES-MaACL
005 20250727025839.0
007 t|
008 040916s1987 sp ||||1| spa d
020 _a84-7658-028-2
100 1 _aGonzález Echevarría, Aurora.
_958613
245 1 3 _aLa construcción teórica en antropología /
_cAurora González Echevarría.
250 _a1ª ed.
260 _aBarcelona :
_bAnthropos,
_c1987.
300 _a294 p. ;
_c20 cm.
490 1 _aAutores, textos y temas. Antropología ;
_v11
500 _aIndice.
504 _aBibliografía.
830 0 _aAutores, textos y temas. Antropología
_v11
_9177281
852 _aES-MaACL
_jG-9771
_bR.114111
999 _c74224
_d74224